2601-京福電気鉄道の駅 - Statistics

General Stats
  • This quiz has been taken 120 times
  • The average score is 17 of 25
Answer Stats
本線 % Correct
嵐山
98%
北野白梅町
94%
四条大宮
89%
西院
89%
帷子ノ辻
88%
帷子ノ辻
88%
嵐電嵯峨
82%
撮影所前
81%
嵐電天神川
80%
太秦広隆寺
74%
車折神社
67%
蚕ノ社
65%
西大路三条
64%
有栖川
64%
等持院・立命館大学衣笠キャンパス前
64%
山ノ内
63%
御室仁和寺
61%
龍安寺
59%
鳴滝
56%
常盤
56%
鹿王院
55%
宇多野
55%
妙心寺
50%
ケーブル八瀬
39%
ケーブル比叡
39%
No matching quizzes found
Score Distribution
Percent of People with Each Score
Percentile by Number Answered
Your Score History
You have not taken this quiz